00330nam a2200121Ia 4500008004100000041000800041082001400049100002100063245004400084260003900128300003000167365001100197240624s9999 xx 000 0 und d aeng a347.7 RAO aRAO RAJYALAKSHMI aCONSUMER RIGHTS AND YOU CASES CORPORATE c2012aNew DelhibPearson Education axi, : 194 : p. : cm. ; 21 cRSb30